Statystyki dla Najlepszy zawodnik z każdej narodowości w EA FC 24

Kliknij tutaj aby rozwiązać quiz!

Ogólne statystyki

  • Ten quiz został rozwiązany 64 razy
  • Średni wynik to 34 z 155

Statystyki odpowiedzi

ReprezentacjaOverallZawodnik% Poprawnych
Francja91Kylian Mbappe
98%
Anglia90Harry Kane
97%
Argentyna90Lionel Messi
95%
Polska90Robert Lewandowski
95%
Korea Płd.87Hueng-min Son
91%
Norwegia91Erling Haaland
84%
Belgia91Kevin de Bruyne
84%
Brazylia89Casemiro/Alisson/Neymar/Vinicius Junior
81%
Szkocja86Andrew Robertson
79%
Chorwacja87Luka Modrić
78%
Holandia89Virgil van Dijk
76%
USA79Christian Pulisic
72%
Austria85David Alaba
72%
Portugalia89Ruben Dias
69%
Senegal86Sadio Mane
69%
Hiszpania89Rodri
67%
Szwecja81Alexander Isak/Dejan Kulusevski
66%
Urugwaj88Federico Valverde
66%
Niemcy89Marc-Andre ter Stegen
64%
Egipt89Mohamed Salah
64%
Kanada83Alphonso Davies
62%
Walia77Ben Davies
62%
Włochy87Gianluigi Donnarumma
60%
Słowenia88Jan Oblak
59%
Nigeria88Victor Osimhen
59%
Kostaryka85Keylor Navas
57%
Algieria86Riyad Mahrez
55%
Szwajcaria87Gregor Kobel
53%
Serbia86Sergej Milinković-Savić
53%
Kolumbia84Luis Diaz
52%
Maroko85Yassine Bounou
48%
Bośnia i Hercegowina83Edin Dzeko
47%
Turcja85Hakan Calhanoglu
47%
Węgry84Peter Gulacsi
47%
Słowacja84Stanislav Lobotka/Milan Skriniar
47%
Ghana85Thomas Partey
45%
Arabia Saudyjska77Salem Al-Dawsari
43%
Gabon80Pierre-Emerick Aubameyang
38%
Kamerun85Andre Onana
36%
Dania84Pierre-Emile Hojbjerg
36%
Czarnogóra82Stefan Savić
36%
Rosja79Aleksandr Golovin
34%
Meksyk81Guillermo Ochoa/Hirving Lozano/Edson Alvarez
34%
Iran82Mehdi Taremi
33%
Ekwador80Moises Caicedo/Pervis Estupinan
33%
Czechy83Patrik Shick
31%
Finlandia81Lukas Hradecky
29%
Paragwaj81Miguel Almiron
29%
Ukraina82Victor Tsygankov
29%
Burkina Faso81Edmond Tapsoba
26%
Gruzja86Kvicha Kvaratskhelia
26%
Jamajka79Leon Bailey/Ethan Pinnock
24%
Armenia81Henrikh Mkhitaryan
22%
Chile80Claudio Bravo
21%
Macedonia80Elif Elmas
21%
Grecja81Odyseas Vlachodimos
21%
WKS83Sebastian Haller
21%
Australia78Matthew Ryan
19%
R. Środkowoafrykańska81Geoffrey Kondogbia
16%
Kosowo81Amir Rrahmani
14%
Nowa Zelandia75Chris Wood
14%
Izrael77Manor Solomon
14%
Angola78M'Bala Nzola
14%
Gwinea78Naby Keita
14%
Rumunia77Nicolae Stanciu
14%
Zambia75Patson Daka
14%
Korea Północna63Kwan-song An
12%
D. Republika Konga80Chancel Mbemba
10%
Tunezja81Ellyes Skhiri
10%
Hongkong69Vas Nunez
10%
Japonia81Daichi Kamada
9%
Malta79Teddy Teuma
9%
Mali80Adama Traore
7%
Chiny76Ai Kesen
7%
Panama72Michael Murillo
7%
Gwatemala68Nathaniel Mendez-Laing/Aaron Herrera
7%
Mozambik81Reinildo
7%
Peru78Renato Tapia
7%
Surinam78Sheraldo Becker
7%
Gibraltar58Tjay de Barr/Louie Annesley
7%
Irlandia76Josh Cullen/Aaron Collins
5%
Togo78Kodjo Laba
5%
Trynidad i Tobago77Levi Garcia
5%
Gwinea Bissau75Mama Balde
5%
Gambia77Musa Barrow
5%
Kenia74Victor Wanyama
5%
Łotwa68Vladislavs Gutkovskis
5%
Wenezuela77Darwin Machis
3%
Białoruś66Ilya Shkurin
3%
Zimbabwe77Marshall Munetsi
3%
Indie66Sunil Chhetri
3%
Benin73Aiyegun Tosin
2%
Libia81Ali Musrati
2%
R. Zielonego Przylądka74Bebe/Jovane Cabral
2%
Haiti72Carlens Arcus
2%
Boliwia74Carlos Lampe
2%
Luksemburg76Christopher Martins
2%
Litwa66Edgaras Utkus
2%
Uzbekistan72Eldor Shomurodov
2%
Gujana65Elliot Bonds
2%
Curacao72Eloy Room/Jurgen Locadia
2%
Wyspy Owcze63Hanus Sorensen
2%
Uganda69Herbert Bockhorn
2%
Estonia70Karol Mets
2%
RPA74Lars Veldwijk
2%
Sierra Leone70Mohamed Kallon
2%
Irak69Mohanad Jeahze/Kevin Yakob
2%
Albania78Myrto Uzuni
2%
Bermudy69Nahki Wells
2%
Irlandia Płn.74Oliver Norwood
2%
Kuba71Onel Hernandez
2%
Liberia76Oscar Dorley
2%
Honduras74Romell Quioto
2%
Fidżi68Roy Krishna
2%
Islandia76Sverrir Ingi Ingason
2%
Burundi75Youssouf Ndayishimiye
2%
Sudan Południowy55Abraham Majok
0%
Syria65Aias Aosman
0%
Azerbejdżan71Anton Krivotsyuk
0%
Mołdawia72Artur Ionita
0%
Mauretania66Babacar Niasse/Aly Abeid
0%
ZEA72Bandar Al-Ahbabi
0%
Liechtenstein69Benjamin Buchel
0%
Salwador67Brayan Gil/Alex Roldan
0%
Vanuatu68Brian Kaltak
0%
Malawi64Charles Petro
0%
Sri Lanka63Claudio Kammerknecht
0%
Montserrat65Donervon Daniels
0%
Dominikana56Edison Azcona
0%
Indonezja60Elkan Baggott
0%
Komory74Faiz Selemani
0%
Kongo72Gaius Makouta
0%
Kazachstan65Georgy Zhukov
0%
Filipiny70Gerrit Holtmann
0%
Andora66Iker Alvarez
0%
Saint Lucia67Janoi Donacien
0%
Pakistan63Kaleemullah Khan
0%
Cypr71Konstandinos Laifis
0%
Mauritius65Lindsay Rose
0%
Taipei70Li-ping Zhou
0%
Madagaskar73Loic Lapoussin
0%
Antigua i Barbuda67Mahlon Romeo
0%
Namibia64Manfred Starke
0%
Czad68Marius Mouandilmadji
0%
Bułgaria72Martin Minchev
0%
Tanzania72Mbwana Samatta
0%
Sudan65Mohamed Eisa
0%
Jordania70Mousa Al-Tamari
0%
Tajlandia62Nicholas Mickelson
0%
Palestyna73Oday Dabbagh
0%
Liban62Omar Bugiel
0%
Saint Kitts i Nevis73Phoenetia Browne
0%
Grenada70Shandon Baptiste
0%
Portoryko65Zarek Valentin
0%

Rozkład punktacji

Percentyl według liczby udzielonych odpowiedzi

Procent ludzi z każdym wynikiem

Twoja historia wyników

Nie rozwiązałeś tego quizu